000 00612nam a2200181 a 4500
001 000026933
003 DO-SdBNP
005 20180130105112.0
008 180130b xxu||||| |||| 00| 0 spa d
020 _a21212222121121
040 _aBPMSU
_bspa
_cBPMSU
245 1 0 _aManual de conducción y educación vial de la República Dominicana /
260 _aSanto Domingo :
_bDirección General de Transito Terrestre :
_bAutomóvil Club Dominicano,
_c2011
930 1 _lBND01
_mLF1
_820110328
_f01
_pCT
_g18481
930 1 _lBND01
_mLF1
_820110328
_f01
_pCT
_g18481
_he.2
942 _2ddc
_cBK
945 _aInventariado, 2018/MFF
999 _c7886
_d7886